000 00548nam a2200169Ia 4500
999 _c35382
_d35382
003 OSt
005 20201209113157.0
008 190216s9999||||xx |||||||||||||| ||und||
040 _coclc
082 _a368.43
_bNAY/C
100 _aNayar, H
_97330
245 0 _aCommentaries On The Employees Provident Funds And Miscellaneous Provisions Act,1952 /
_cH Nayar
260 _bFree India Law Corporation,
_c1980.
_aNew Delhi:
300 _a232p
650 _aGeneral Collections
942 _cREF
_2ddc
_h368.43
_iNAY/C
_k368.43
_mNAY/C